书目信息 |
| 题名: |
国营工业企业职工代表大会暂行条例
|
|
| 作者: | ||
| 分册: | ||
| 出版信息: | 北京 法律出版社 1981 |
|
| 页数: | 14页 | |
| 开本: | 19cm | |
| 丛书名: | ||
| 单 册: | ||
| 中图分类: | D412.2 | |
| 科图分类: | ||
| 主题词: | 职工代表大会-国营企业:工业企业--条例--中国 , 国营企业:工业企业-职工代表大会--条例--中国 , 工业企业:国营企业-职工代表大会--条例--中国 | |
| 电子资源: | ||
| ISBN: | ||
| 000 | 00720nam0 2200229 45 | |
| 001 | 0181002513 | |
| 005 | 20060801170529.79 | |
| 010 | @dCNY0.07 | |
| 100 | @a19950621d1981 em y0chiy0121 ea | |
| 101 | 0 | @achi |
| 102 | @aCN@b110000 | |
| 105 | @ay z 000yy | |
| 200 | 10 | @a国营工业企业职工代表大会暂行条例@Aguo ying gong ye qi ye zhi gong dai biao da hui zan xing tiao li |
| 210 | @a北京@c法律出版社@d1981 | |
| 215 | @a14页@d19cm | |
| 606 | @a职工代表大会-国营企业:工业企业@x条例@y中国 | |
| 606 | @a国营企业:工业企业-职工代表大会@x条例@y中国 | |
| 606 | @a工业企业:国营企业-职工代表大会@x条例@y中国 | |
| 690 | @aD412.2@v3 | |
| 801 | 0 | @aCN@bTSSF@c20060801 |
| 801 | 2 | @aCN@bNLC@c20060801 |
| 905 | @a10447@dD412.2@e24 | |
| 国营工业企业职工代表大会暂行条例.-北京:法律出版社,1981 |
| 14页;19cm |
| ISBN :CNY0.07 |
| ● |
| 相关链接 |
|
|
|
|
正题名:国营工业企业职工代表大会暂行条例
索取号:D412.2/24
 
预约/预借
| 序号 | 登录号 | 条形码 | 馆藏地/架位号 | 状态 | 备注 |
| 1 | 0441327 | 204413278 | 密集书库/ [索取号:D412.2/24] | 在馆 | |
| 2 | 0441346 | 204413465 | 密集书库/ [索取号:D412.2/24] | 在馆 | |
| 3 | 0441347 | 204413474 | 密集书库/ [索取号:D412.2/24] | 在馆 |